[Event "East Lansing (MI Op/4)"]
[Site "?"]
[Date "1982.??.??"]
[Round "?"]
[White "Maring, L.."]
[Black "Gendloff, E.."]
[Result "1-0"]
[WhiteElo "1965"]
[BlackElo "1800"]
[PlyCount "137"]
[EventDate "1982.??.??"]

1. e4 e5 2. Nf3 Nc6 3. Bb5 a6 4. Bxc6 dxc6 5. h3 Bc5 6. d3 Be6 7. Qe2 f6 8. O-O
Ne7 9. Be3 Qd6 10. c3 O-O-O 11. d4 exd4 12. cxd4 Bb6 13. Nc3 h5 14. Rfd1 g5 15.
e5 fxe5 16. dxe5 Qb4 17. Bxg5 Rde8 18. a3 Qb3 19. Bxe7 Rxe7 20. Nd4 Qc4 21.
Qxc4 Bxc4 22. Nf3 Ba7 23. Re1 b5 24. Ne4 Bd5 25. Neg5 c5 26. h4 c6 27. Rac1
Rhe8 28. Rc2 c4 29. Rce2 Bb6 30. Ne4 Bxe4 31. Rxe4 Bc7 32. e6 Ba5 33. R1e2 Rd8
34. g3 Bb6 35. Kg2 Kb7 36. Ng5 Kc7 37. f4 Rf8 38. Nf7 Bc5 39. Kf3 c3 40. bxc3
Bxa3 41. Ra2 Bc5 42. Rxa6 Kb7 43. Ra2 Kb6 44. f5 Kb7 45. f6 Rexf7 46. exf7 Rxf7
47. Re6 Bf8 48. Ke4 Bc5 49. Kf5 Rf8 50. Rae2 Rg8 51. Re7+ Kb6 52. Rg7 Rd8 53.
f7 Rd3 54. Re5 Ba3 55. g4 Rf3+ 56. Kg5 hxg4 57. Kxg4 Rf1 58. Re3 Bd6 59. Rh7
Rf4+ 60. Kg5 Rf1 61. Re6 Ba3 62. h5 Rg1+ 63. Kf5 Rf1+ 64. Kg4 Rg1+ 65. Kf3 Rf1+
66. Ke2 Rf5 67. Re3 Bc5 68. Rf3 Re5+ 69. Kf1 1-0

[Event "East Lansing (MI Op/5)"]
[Site "?"]
[Date "1982.??.??"]
[Round "?"]
[White "Marfia, J.."]
[Black "Wygrecki, J.."]
[Result "0-1"]
[WhiteElo "2180"]
[BlackElo "1920"]
[PlyCount "52"]
[EventDate "1982.??.??"]

1. e4 c5 2. Nf3 d6 3. d4 cxd4 4. Nxd4 Nf6 5. Nc3 e6 6. Bc4 a6 7. Bb3 b5 8. O-O
b4 9. Na4 Nxe4 10. f4 Be7 11. f5 e5 12. Ne6 fxe6 13. Qh5+ g6 14. fxg6 Kd7 15.
g7 Rg8 16. Qf7 Kc7 17. Bxe6 Rxg7 18. Qxg7 Bxe6 19. Be3 Nd7 20. Qxh7 Nef6 21.
Rxf6 Nxf6 22. Bb6+ Kd7 23. Nc5+ Kc6 24. Bxd8 Nxh7 25. Bxe7 dxc5 26. Rd1 Bd5 0-1

[Event "East Lansing (MI Op/7)"]
[Site "?"]
[Date "1982.??.??"]
[Round "?"]
[White "Marfia, J.."]
[Black "Noren, Kevin"]
[Result "0-1"]
[WhiteElo "2180"]
[BlackElo "2050"]
[PlyCount "78"]
[EventDate "1982.??.??"]

1. e4 e5 2. Nf3 Nc6 3. Bc4 Nf6 4. d3 Be7 5. O-O O-O 6. c3 d6 7. Bb3 h6 8. h3
Nh7 9. Nbd2 Ng5 10. Nxg5 Bxg5 11. Nf3 Bxc1 12. Rxc1 Qf6 13. Kh1 Ne7 14. Ng1 Ng6
15. g3 Kh8 16. d4 Bd7 17. Kh2 Rad8 18. dxe5 Qxe5 19. Qd4 Bc6 20. Rfe1 f5 21.
exf5 Qxf5 22. Re2 Ne5 23. f4 Nd3 24. Rd1 Nc5 25. Bc2 Qf7 26. b4 Ne6 27. Qd3 Ng5
28. Rdd2 Ne4 29. Rxe4 Bxe4 30. Qxe4 g5 31. Qd4+ Qg7 32. Qxg7+ Kxg7 33. f5 Rde8
34. Kg2 Re3 35. Rd3 Rfe8 36. Kf2 Re1 37. Rd1 R1e3 38. Rd3 Re1 39. Nf3 R1e2+ 0-1

[Event "East Lansing (MI Op/2)"]
[Site "?"]
[Date "1982.??.??"]
[Round "?"]
[White "Marfia, J.."]
[Black "Finegold, Ben"]
[Result "0-1"]
[WhiteElo "2180"]
[BlackElo "2020"]
[PlyCount "68"]
[EventDate "1982.??.??"]

1. e4 e5 2. Nf3 Nf6 3. d4 Nxe4 4. Bd3 d5 5. Nxe5 Bd6 6. c4 Bb4+ 7. Kf1 O-O 8.
cxd5 Qxd5 9. Qc2 Nf6 10. Be3 Nc6 11. Nxc6 bxc6 12. Nc3 Qh5 13. Ne4 Nxe4 14.
Bxe4 Ba6+ 15. Kg1 Rab8 16. Bxc6 f5 17. Bf4 Kh8 18. Bf3 Qg6 19. g3 Bd6 20. Bxd6
Qxd6 21. Kg2 Qxd4 22. b3 f4 23. g4 Bb7 24. Rhd1 Bxf3+ 25. Kxf3 Qb6 26. Rac1 Qh6
27. h4 Rbe8 28. Rd5 Qxh4 29. Rh5 Re3+ 30. fxe3 Qg3+ 31. Ke4 Qxe3+ 32. Kd5 Rd8+
33. Kc4 Qd4+ 34. Kb5 Rb8+ 0-1

[Event "East Lansing (MI Op/1)"]
[Site "?"]
[Date "1982.??.??"]
[Round "?"]
[White "Manion, Tom"]
[Black "Ludwinski, T.."]
[Result "0-1"]
[WhiteElo "1820"]
[BlackElo "2020"]
[PlyCount "52"]
[EventDate "1982.??.??"]

1. e4 e5 2. Nf3 Nf6 3. Nxe5 d6 4. Nf3 Nxe4 5. Qe2 Qe7 6. d3 Nf6 7. Bg5 Be6 8.
Nc3 h6 9. Bh4 g5 10. Bg3 Nc6 11. h3 O-O-O 12. O-O-O Bg7 13. d4 d5 14. Ne5 Nxe5
15. Bxe5 c6 16. Qf3 Rhg8 17. Nb5 Ne4 18. Nxa7+ Kd7 19. Rd3 Qb4 20. Be2 Ra8 21.
Ra3 Bxe5 22. dxe5 Qd2+ 23. Kb1 Qd4 24. Rd1 Nd2+ 25. Rxd2 Qxd2 26. Qb3 Qe1+ 0-1

[Event "East Lansing (MI Op/6)"]
[Site "?"]
[Date "1982.??.??"]
[Round "?"]
[White "Manion, Tom"]
[Black "Kulbacki, James"]
[Result "0-1"]
[WhiteElo "1820"]
[BlackElo "1905"]
[PlyCount "114"]
[EventDate "1982.??.??"]

1. e4 e6 2. Nf3 c5 3. d4 cxd4 4. Nxd4 Nf6 5. Nc3 a6 6. a3 d5 7. e5 Nfd7 8. f4
Nc6 9. Be3 Qc7 10. Nb3 b5 11. Be2 Bb7 12. Qd2 Be7 13. h3 Rc8 14. O-O b4 15.
axb4 Nxb4 16. Kh1 h5 17. Nd4 g6 18. Nf3 Nb6 19. Bxb6 Qxb6 20. Na4 Qc7 21. Nd4
Nc6 22. c3 Nxd4 23. Qxd4 O-O 24. Rg1 Bc5 25. Nxc5 Qxc5 26. Qa4 Qf2 27. Bf3 Rc4
28. Qb3 Bc8 29. f5 gxf5 30. Bxh5 Rh4 31. Bf3 Kg7 32. Qa3 Rfh8 33. Qe7 R8h6 34.
Raf1 Qg3 35. Bg4 Rxg4 36. Qf6+ Rxf6 37. exf6+ Kxf6 38. Rf3 Qxf3 39. gxf3 Rxg1+
40. Kxg1 Kg5 41. Kg2 e5 42. Kg3 f4+ 43. Kg2 Kh4 44. b3 Bxh3+ 45. Kh2 Be6 46. b4
e4 47. fxe4 dxe4 48. b5 axb5 49. c4 Bxc4 50. Kg2 Kg4 51. Kf2 f5 52. Kg2 e3 53.
Kg1 Kg3 54. Kh1 e2 55. Kg1 e1=B 56. Kh1 Bc3 57. Kg1 Bd4+ 0-1

[Event "East Lansing (MI Op/4)"]
[Site "?"]
[Date "1982.??.??"]
[Round "?"]
[White "Manion, Tom"]
[Black "Hale, M.."]
[Result "1/2-1/2"]
[WhiteElo "1820"]
[BlackElo "1615"]
[PlyCount "92"]
[EventDate "1982.??.??"]

1. e4 b6 2. d4 Bb7 3. Bd3 e6 4. Nf3 Nf6 5. Qe2 Be7 6. Nc3 O-O 7. O-O d5 8. e5
Nfd7 9. Nd1 c5 10. c3 f6 11. Qc2 f5 12. Bf4 Rf7 13. Qd2 h6 14. h3 g5 15. Bg3
Ba6 16. Ne1 Bxd3 17. Nxd3 cxd4 18. cxd4 Nc6 19. Nc1 Rc8 20. f4 Nxd4 21. fxg5
Bc5 22. Kh1 hxg5 23. Nd3 Be7 24. Nc3 Nf8 25. Bf2 Nc6 26. Ne2 Ng6 27. Nd4 Nxd4
28. Bxd4 Nf4 29. Nxf4 gxf4 30. Qxf4 Bg5 31. Qg3 Rg7 32. Qf3 Bh4 33. Rac1 Rxc1
34. Rxc1 Bg5 35. Rc6 Qe8 36. Qc3 Qg6 37. Rc8+ Kh7 38. Rc7 Be7 39. Qc2 Bg5 40.
b4 Bf4 41. Rc3 Bg3 42. Rc6 Bf4 43. Kg1 Qg3 44. Qf2 Qxh3 45. Rxe6 Bh2+ 46. Kf1
Qd3+ 1/2-1/2

[Event "East Lansing (MI Op/3)"]
[Site "?"]
[Date "1982.??.??"]
[Round "?"]
[White "Ludwinski, T.."]
[Black "Smith, Ronald"]
[Result "1-0"]
[WhiteElo "2020"]
[BlackElo "1845"]
[PlyCount "51"]
[EventDate "1982.??.??"]

1. e4 d6 2. d4 Nd7 3. Nf3 e5 4. Bc4 Be7 5. dxe5 Nxe5 6. Nxe5 dxe5 7. Qh5 g6 8.
Qxe5 f6 9. Qb5+ c6 10. Qb3 Kd7 11. O-O g5 12. Nc3 Nh6 13. Bxg5 Qf8 14. Be6+ Ke8
15. Bxh6 Qxh6 16. Bxc8 Rxc8 17. Qxb7 Kf7 18. Rad1 Rb8 19. Qxc6 Rb6 20. Qc4+ Kf8
21. Nd5 Bd6 22. g3 Rg8 23. Nxb6 Rxg3+ 24. hxg3 Bxg3 25. Rd8+ Kg7 26. Qg8# 1-0

[Event "East Lansing (MI Op/4)"]
[Site "?"]
[Date "1982.??.??"]
[Round "?"]
[White "Ludwinski, T.."]
[Black "Smith, Les L"]
[Result "1-0"]
[WhiteElo "2020"]
[BlackElo "1855"]
[PlyCount "49"]
[EventDate "1982.??.??"]

1. e4 e5 2. Nf3 f5 3. Nxe5 Qf6 4. d4 d6 5. Nc4 fxe4 6. Ne3 Nc6 7. Nd5 Qf7 8. c4
Bf5 9. Be2 Nf6 10. Nbc3 a6 11. O-O O-O-O 12. b4 Nxd5 13. Nxd5 Ne7 14. Ne3 Bg6
15. b5 a5 16. b6 Nc6 17. Rb1 cxb6 18. Rxb6 Nb4 19. Qa4 Qc7 20. Qxa5 Nd3 21.
Qa8+ Kd7 22. Qa4+ Ke6 23. Nd5 Qb8 24. Bg5 Be8 25. Qb3 1-0

[Event "East Lansing (MI Op/6)"]
[Site "?"]
[Date "1982.??.??"]
[Round "?"]
[White "Ludwinski, T.."]
[Black "DuPuis, P.."]
[Result "0-1"]
[WhiteElo "2020"]
[BlackElo "2180"]
[PlyCount "84"]
[EventDate "1982.??.??"]

1. e4 c5 2. Nf3 e6 3. d4 cxd4 4. Nxd4 Nf6 5. Bd3 a6 6. O-O Qc7 7. Kh1 Nc6 8. c3
Bc5 9. Be3 Ne5 10. f4 Nxd3 11. Qxd3 d6 12. Nd2 O-O 13. N2f3 Ng4 14. Bg1 e5 15.
h3 Nf6 16. Ne2 Bxg1 17. Nfxg1 Be6 18. b3 d5 19. fxe5 dxe4 20. Qg3 Nd7 21. Nd4
Qxe5 22. Qxe5 Nxe5 23. Nxe6 fxe6 24. Rfe1 Nd3 25. Re3 Rad8 26. Kh2 Nf2 27. Rae1
Rd2 28. R3e2 Rd3 29. c4 Rf6 30. g3 Kf7 31. Kg2 Nd1 32. Rxe4 Rf2+ 33. Kh1 Rxa2
34. Rf4+ Ke7 35. Nf3 Nf2+ 36. Kg2 Ne4+ 37. Kg1 Nxg3 38. Nd4 Rxd4 39. Rxd4 Ne2+
40. Rxe2 Rxe2 41. Rh4 Rb2 42. Rxh7 Kf6 0-1

[Event "East Lansing (MI Op/3)"]
[Site "?"]
[Date "1982.??.??"]
[Round "?"]
[White "Lloyd, J.."]
[Black "Szczypka, Tom"]
[Result "1-0"]
[WhiteElo "1785"]
[BlackElo "1925"]
[PlyCount "65"]
[EventDate "1982.??.??"]

1. e4 c6 2. d4 d5 3. Nc3 dxe4 4. Nxe4 Bf5 5. Ng3 Bg6 6. Nf3 e6 7. h4 h6 8. h5
Bh7 9. Bd3 Nf6 10. Be3 Bd6 11. Qd2 Bxd3 12. Qxd3 Nbd7 13. O-O-O Qa5 14. Kb1
O-O-O 15. Bd2 Qb6 16. Bc3 Nd5 17. Ne4 Nxc3+ 18. Qxc3 Be7 19. Rd3 Nf6 20. Nfd2
Rd5 21. Nc4 Qc7 22. f3 Rxh5 23. Rxh5 Nxh5 24. Ne5 Rf8 25. Qc4 Nf4 26. Rb3 Qa5
27. c3 Qd5 28. Qa4 a5 29. Nc4 Kc7 30. g4 Ra8 31. Nb6 Qd8 32. Nxa8+ Qxa8 33. c4
1-0

[Event "East Lansing (MI Op/7)"]
[Site "?"]
[Date "1982.??.??"]
[Round "?"]
[White "Lloyd, J.."]
[Black "Smith, Les L"]
[Result "1/2-1/2"]
[WhiteElo "1785"]
[BlackElo "1855"]
[PlyCount "40"]
[EventDate "1982.??.??"]

1. e4 e5 2. Nf3 f5 3. Nxe5 Qf6 4. d4 d6 5. Nc4 fxe4 6. Nc3 Bf5 7. Be3 a6 8. Qd2
Qf7 9. a4 Nf6 10. Be2 Be7 11. O-O Nd5 12. f3 Nxc3 13. Qxc3 Qg6 14. fxe4 Bxe4
15. Bf3 O-O 16. Bxe4 Qxe4 17. Rxf8+ Bxf8 18. Bg5 Nc6 19. Be3 Re8 20. Bf2 d5
1/2-1/2

[Event "East Lansing (MI Op/5)"]
[Site "?"]
[Date "1982.??.??"]
[Round "?"]
[White "Lloyd, J.."]
[Black "Ludwinski, T.."]
[Result "0-1"]
[WhiteElo "1785"]
[BlackElo "2020"]
[PlyCount "72"]
[EventDate "1982.??.??"]

1. e4 e5 2. Nf3 Nf6 3. Nxe5 d6 4. Nf3 Nxe4 5. d4 d5 6. Bd3 Bd6 7. O-O Bg4 8. c4
O-O 9. Nc3 Nxc3 10. bxc3 c6 11. Bxh7+ Kxh7 12. Ng5+ Qxg5 13. Bxg5 Bxd1 14. c5
Bxh2+ 15. Kxh2 Bc2 16. Rfe1 Kg6 17. Bf4 b6 18. Bd6 Rh8+ 19. Kg3 bxc5 20. dxc5
a5 21. Re7 a4 22. Rc1 Bf5 23. Rce1 Ra5 24. Rb7 Nd7 25. Re7 Nxc5 26. Bxc5 Rxc5
27. Rxf7 Rxc3+ 28. f3 Rg8 29. Rfc7 d4 30. Kf4 d3 31. g4 Be6 32. Rb2 Bd5 33. Ke3
Re8+ 34. Kd2 Rc2+ 35. Rxc2 dxc2 36. Kxc2 Re2+ 0-1

[Event "Southfield (MEX/2)"]
[Site "?"]
[Date "1982.??.??"]
[Round "?"]
[White "Lindsay, F.."]
[Black "Willey, M.."]
[Result "1-0"]
[WhiteElo "2270"]
[BlackElo "2045"]
[PlyCount "145"]
[EventDate "1982.??.??"]

1. c4 Nf6 2. Nc3 g6 3. e4 e5 4. Nf3 Nc6 5. d4 exd4 6. Nxd4 Bg7 7. Bg5 h6 8. Be3
Nxd4 9. Bxd4 d6 10. Qd2 Be6 11. h3 Qd7 12. Be2 a6 13. Be3 Qc6 14. Rc1 Rb8 15.
Bf3 Qd7 16. b3 Kf8 17. Be2 Rd8 18. f4 Ne8 19. g4 f5 20. Bd3 Nf6 21. Qg2 fxg4
22. e5 dxe5 23. Bxg6 gxh3 24. Qxb7 Qc8 25. Qxc8 Bxc8 26. f5 Ke7 27. Rxh3 Bb7
28. Ke2 Rd7 29. Rg1 Kd8 30. Na4 Ne4 31. Rh4 Bc6 32. Nc5 Nxc5 33. Bxc5 Bf6 34.
Rh3 Kc8 35. Be3 h5 36. Rxh5 Rxh5 37. Bxh5 Rh7 38. Rg8+ Kb7 39. Rf8 Bg7 40. Rf7
Rxh5 41. Rxg7 Rxf5 42. Bf2 Bf3+ 43. Ke3 e4 44. Bg3 Rc5 45. Kd4 Rc6 46. b4 Be2
47. c5 Bd3 48. a4 Kc8 49. Bf4 Kb7 50. Kd5 Be2 51. Rf7 Bd3 52. Re7 Bf1 53. Bg3
Bd3 54. Bd6 Bf1 55. Bf4 Bd3 56. Rg7 Bf1 57. Kxe4 Bc4 58. Kd4 Be2 59. Re7 Bf1
60. Be5 Kc8 61. Rg7 Kb7 62. Rf7 Be2 63. Rf2 Bh5 64. Kd5 Rh6 65. b5 axb5 66.
axb5 Be8 67. Rb2 Kc8 68. c6 Rg6 69. Rf2 Rg8 70. Rf1 Kb8 71. b6 Bxc6+ 72. Kxc6
Rg6+ 73. Kd7 1-0

[Event "Southfield (MEX/6)"]
[Site "?"]
[Date "1982.??.??"]
[Round "?"]
[White "Lindsay, F.."]
[Black "Gajic, Z.."]
[Result "1/2-1/2"]
[WhiteElo "2270"]
[BlackElo "2320"]
[PlyCount "60"]
[EventDate "1982.??.??"]

1. c4 e5 2. Nc3 Nc6 3. Nf3 Nf6 4. e3 Be7 5. a3 a5 6. Be2 O-O 7. O-O d6 8. d4
exd4 9. Nxd4 Nxd4 10. Qxd4 Nd7 11. Nd5 a4 12. Bd2 Bf6 13. Nxf6+ Qxf6 14. Bc3
Qxd4 15. exd4 Nb6 16. Bd3 Bg4 17. Rfe1 d5 18. c5 Nd7 19. h3 Be6 20. Bd2 Rfe8
21. Re2 f5 22. Rae1 Kf7 23. f3 c6 24. Rc1 g6 25. Bg5 Nf8 26. Rce1 Nd7 27. Rc1
Nf8 28. Bh6 Nd7 29. Kf2 Kf6 30. h4 Kf7 1/2-1/2

[Event "Southfield (MEX/5)"]
[Site "?"]
[Date "1982.??.??"]
[Round "?"]
[White "Lindsay, F.."]
[Black "Beider, Andrew"]
[Result "1-0"]
[WhiteElo "2270"]
[BlackElo "2120"]
[PlyCount "141"]
[EventDate "1982.??.??"]

1. e4 c5 2. d3 Nc6 3. g3 g6 4. Bg2 Bg7 5. f4 d6 6. Nf3 e6 7. c3 Nge7 8. Be3 O-O
9. O-O b6 10. d4 cxd4 11. Nxd4 Nxd4 12. Bxd4 e5 13. Be3 Bb7 14. Rf2 Qc7 15. Rd2
Rad8 16. Na3 Qc6 17. Qb3 Nc8 18. Rad1 Rd7 19. Nc2 a5 20. Na3 a4 21. Qc4 Rfd8
22. Bh3 Rc7 23. Qxc6 Rxc6 24. Nb5 exf4 25. Bxf4 Bf8 26. e5 d5 27. Rxd5 Bc5+ 28.
Kf1 Rxd5 29. Rxd5 Ba6 30. c4 Be7 31. b3 axb3 32. axb3 f5 33. exf6 Rxf6 34. Ke2
Kf7 35. Bg5 Rc6 36. Bd7 Rc5 37. Rxc5 Bxc5 38. Nc7 Bb7 39. Be6+ Kf8 40. Nd5 h5
41. Kd3 Bg1 42. h4 Bf2 43. Bf4 Ba6 44. Bxc8 Bxc8 45. Bc7 b5 46. cxb5 Kf7 47.
Nc3 Ke7 48. Ke4 Ke6 49. Kf4 Bd4 50. Ne2 Bf6 51. Nc1 Bc3 52. Nd3 Kd5 53. Kg5 Bf5
54. Nf4+ Kc5 55. b6 Kc6 56. Nxg6 Bg4 57. Ne7+ Kb7 58. Nd5 Bd4 59. Kg6 Be6 60.
Nf4 Bxb3 61. Kxh5 Bf7+ 62. Kg5 Kc6 63. h5 Kd7 64. h6 Bg8 65. Kg6 Bb3 66. h7
Bc2+ 67. Kh6 Be4 68. Ng6 Ke6 69. Be5 Bxe5 70. Nxe5 Bxh7 71. b7 1-0

[Event "East Lansing (MI Op/5)"]
[Site "?"]
[Date "1982.??.??"]
[Round "?"]
[White "Lehotzky, Attila"]
[Black "Schick, A.."]
[Result "1/2-1/2"]
[WhiteElo "1915"]
[BlackElo "2130"]
[PlyCount "95"]
[EventDate "1982.??.??"]

1. d4 Nf6 2. c4 g6 3. Nc3 Bg7 4. Nf3 O-O 5. g3 d6 6. Bg2 Nc6 7. O-O e5 8. dxe5
Nxe5 9. Nxe5 dxe5 10. Bg5 Qxd1 11. Raxd1 c6 12. Rd6 Be6 13. Rfd1 Ne8 14. Rd8
Rxd8 15. Rxd8 f6 16. Be3 Nc7 17. Rd6 Ra8 18. b3 Bf8 19. Rd1 Na6 20. Ne4 Be7 21.
h4 Kf8 22. Kh2 Bf5 23. Bh6+ Ke8 24. Be3 Bxe4 25. Bxe4 Bc5 26. Bxc5 Nxc5 27. Bc2
Ne6 28. e3 a5 29. h5 f5 30. hxg6 hxg6 31. g4 e4 32. Kg3 Rd8 33. f3 Rxd1 34.
Bxd1 exf3 35. gxf5 gxf5 36. Kxf3 Ke7 37. Bc2 Kf6 38. Ke2 Ke5 39. Kd2 Nc5 40.
Kc3 Ne4+ 41. Bxe4 Kxe4 42. Kd2 Kf3 43. Kd3 c5 44. a3 b6 45. Kd2 Kf2 46. a4 Kf3
47. Kd3 Kg3 48. Kc3 1/2-1/2

[Event "East Lansing (MI Op/7)"]
[Site "?"]
[Date "1982.??.??"]
[Round "?"]
[White "Lehotzky, Attila"]
[Black "Posthumus, J.."]
[Result "1-0"]
[WhiteElo "1915"]
[BlackElo "1825"]
[PlyCount "113"]
[EventDate "1982.??.??"]

1. d4 Nf6 2. c4 g6 3. Nc3 Bg7 4. e4 d6 5. f4 Bg4 6. Nf3 c6 7. Be2 O-O 8. O-O
Na6 9. a3 Nc7 10. h3 Bxf3 11. Bxf3 a6 12. Be3 e6 13. Qb3 Qd7 14. Rad1 Rfb8 15.
e5 Nfe8 16. Ne4 f5 17. exd6 Nxd6 18. Nc5 Qe8 19. Qb6 Qe7 20. Qb3 b6 21. Nd3 b5
22. c5 Nc4 23. Nb4 Nd5 24. Nxc6 Qf7 25. Bxd5 exd5 26. Nxb8 Rxb8 27. Bf2 Na5 28.
Qf3 Re8 29. Rfe1 Re4 30. g3 Nc6 31. Rxe4 dxe4 32. Qe3 Qd5 33. b4 Kf7 34. Kh2
Bh6 35. Rb1 Bg7 36. Qb3 Qxb3 37. Rxb3 Bxd4 38. Kg2 Ke6 39. Bxd4 Nxd4 40. Rc3
Kd5 41. Kf2 Nc6 42. Ke3 a5 43. Rb3 Kc4 44. Rb1 axb4 45. axb4 Kc3 46. Ke2 Kc2
47. Ra1 Nxb4 48. Ra5 Nc6 49. Ra6 Nd4+ 50. Ke3 Kc3 51. c6 Nxc6 52. Rxc6+ Kb3 53.
Rc7 Kb2 54. Rxh7 b4 55. Rg7 b3 56. Rxg6 Kb1 57. h4 1-0

[Event "East Lansing (MI Op/1)"]
[Site "?"]
[Date "1982.??.??"]
[Round "?"]
[White "Lehotzky, Attila"]
[Black "Marfia, J.."]
[Result "0-1"]
[WhiteElo "1915"]
[BlackElo "2180"]
[PlyCount "38"]
[EventDate "1982.??.??"]

1. d4 Nf6 2. c4 c5 3. d5 b5 4. cxb5 a6 5. bxa6 Bxa6 6. Nc3 g6 7. g3 d6 8. Bg2
Bg7 9. Nf3 O-O 10. Ng5 Nbd7 11. O-O Qc7 12. Re1 Rfb8 13. e4 Ne5 14. Bf1 Bxf1
15. Kxf1 c4 16. f4 Nd3 17. Re2 Nd7 18. Rb1 Bxc3 19. bxc3 Rxb1 0-1

[Event "East Lansing (MI Op/3)"]
[Site "?"]
[Date "1982.??.??"]
[Round "?"]
[White "Lehotzky, Attila"]
[Black "Manion, Tom"]
[Result "0-1"]
[WhiteElo "1915"]
[BlackElo "1820"]
[PlyCount "89"]
[EventDate "1982.??.??"]

1. d4 Nf6 2. c4 e6 3. a3 b6 4. Nc3 Bb7 5. Nf3 Be7 6. Bf4 O-O 7. Qc2 c5 8. e4
cxd4 9. Nxd4 d6 10. Nf3 Nbd7 11. Rd1 e5 12. Bg5 Qb8 13. Nh4 Rd8 14. Nf5 Bf8 15.
Be2 h6 16. Bh4 g6 17. Ne3 g5 18. Bg3 Nc5 19. f3 Ne6 20. Nf5 Nf4 21. Bxf4 exf4
22. h4 g4 23. fxg4 Re8 24. Bf3 a6 25. g5 Bc8 26. Kf1 Nd7 27. Nd5 Bb7 28. Nxf4
Nc5 29. Nd5 Bxd5 30. Rxd5 Nd7 31. Qd2 Ne5 32. b3 Ra7 33. gxh6 Re6 34. h5 f6 35.
Qf4 Kh7 36. Nd4 Ree7 37. Qf5+ Kxh6 38. Rxe5 Kg7 39. Qg6+ Kh8 40. Rxe7 Bxe7 41.
Nc6 Qb7 42. Nxa7 Qxa7 43. Qe8+ Kg7 44. h6+ Kh7 45. Qf7+ 0-1

[Event "Southfield (MEX/2)"]
[Site "?"]
[Date "1982.??.??"]
[Round "?"]
[White "Laren, Philip"]
[Black "Riggins, D.."]
[Result "0-1"]
[WhiteElo "2085"]
[BlackElo "2110"]
[PlyCount "120"]
[EventDate "1982.??.??"]

1. e4 Nf6 2. e5 Nd5 3. c4 Nb6 4. d4 d6 5. f4 g6 6. Nc3 Bg7 7. Be3 O-O 8. Nf3
Bg4 9. Be2 Nc6 10. c5 dxc5 11. dxc5 Bxf3 12. gxf3 Nd7 13. Qd2 Qc8 14. O-O-O Rd8
15. Qe1 Nf8 16. h4 h5 17. Bf1 Qe6 18. Bh3 Qc4 19. Qe2 Qxe2 20. Nxe2 Bh6 21. a3
Nxe5 22. Nd4 Nc4 23. Bf2 Bxf4+ 24. Kb1 c6 25. Rhe1 e5 26. Nb3 b6 27. Bf1 Rxd1+
28. Rxd1 Ne3 29. Bxe3 Bxe3 30. Ba6 Rb8 31. Rd6 bxc5 32. Na5 Bd4 33. Nc4 Ne6 34.
Rxc6 Nf4 35. Rc7 Nd3 36. Rxa7 Nxb2 37. Nxb2 Rxb2+ 38. Kc1 Rf2 39. Bb7 c4 40.
Ra8+ Kg7 41. a4 c3 42. Rc8 c2 43. Rxc2 Rxc2+ 44. Kxc2 Bf2 45. Kd3 Bxh4 46. a5
Bf2 47. Ke4 Kf6 48. a6 Ba7 49. Bc6 Bb8 50. Bb7 h4 51. Bc8 Kg5 52. Bh3 f5+ 53.
Kd5 Kf4 54. Kc6 Ba7 55. Kd6 Bd4 56. Bf1 Kxf3 57. a7 Bxa7 58. Kxe5 Kg3 59. Bc4
h3 60. Bd5 h2 0-1

[Event "Southfield (MEX/4)"]
[Site "?"]
[Date "1982.??.??"]
[Round "?"]
[White "Laren, Philip"]
[Black "Byer, L.."]
[Result "0-1"]
[WhiteElo "2085"]
[BlackElo "2180"]
[PlyCount "64"]
[EventDate "1982.??.??"]

1. e4 c5 2. Nf3 Nc6 3. Bb5 g6 4. O-O Bg7 5. c3 Nf6 6. Re1 a6 7. Ba4 b5 8. Bc2
O-O 9. d4 cxd4 10. cxd4 d6 11. h3 Bb7 12. Nbd2 Rc8 13. a3 Qc7 14. Bd3 Nd7 15.
Nb3 e5 16. Be3 exd4 17. Nbxd4 Nxd4 18. Bxd4 Bxd4 19. Nxd4 Ne5 20. f4 Qb6 21.
fxe5 dxe5 22. Kh1 exd4 23. Qb3 Qe6 24. Qb4 Qe5 25. a4 Bc6 26. axb5 Bxb5 27.
Bxb5 axb5 28. Ra7 Rc2 29. Rd7 Qg3 30. Rg1 Rxg2 31. Rxg2 Qxh3+ 32. Kg1 Qxd7 0-1

[Event "East Lansing (MI Op/5)"]
[Site "?"]
[Date "1982.??.??"]
[Round "?"]
[White "Kulbacki, James"]
[Black "Triplett, Thomas"]
[Result "1/2-1/2"]
[WhiteElo "1905"]
[BlackElo "1825"]
[PlyCount "117"]
[EventDate "1982.??.??"]

1. b4 e5 2. Bb2 d6 3. c4 Nf6 4. e3 Bf5 5. Nc3 Be7 6. Nf3 h6 7. Be2 O-O 8. d4
exd4 9. Nxd4 Bh7 10. Bf3 c6 11. b5 d5 12. cxd5 Nxd5 13. Nxd5 cxd5 14. O-O Bf6
15. Rc1 Be4 16. Qe2 Nd7 17. Rfd1 Rc8 18. Bxe4 Rxc1 19. Bh7+ Kxh7 20. Rxc1 Ne5
21. Qc2+ g6 22. Nb3 Qb6 23. a4 Qe6 24. Nc5 Qg4 25. Bxe5 Bxe5 26. Nxb7 Qh5 27.
h3 Qh4 28. Qc5 Re8 29. Qxd5 Re7 30. Rc4 Qh5 31. f4 Bxf4 32. Qxh5 Bxe3+ 33. Kf1
gxh5 34. Na5 f5 35. Nc6 Re6 36. Ke2 f4 37. Kf3 Kg6 38. Re4 Rd6 39. g3 Rd3 40.
gxf4 Bc5+ 41. Kg2 h4 42. Re6+ Kg7 43. Rg6+ Kh7 44. Rg4 Rd2+ 45. Kf3 Rd3+ 46.
Kg2 Rd2+ 47. Kf1 Rf2+ 48. Ke1 Ra2 49. f5 h5 50. Re4 Kh6 51. Nd8 Rh2 52. Nf7+
Kg7 53. Ng5 Kf6 54. Nf3 Rxh3 55. Nxh4 Kg5 56. Ng6 Kxf5 57. Re5+ Kxg6 58. Rxc5
Ra3 59. Rc4 1/2-1/2

[Event "East Lansing (MI Op/1)"]
[Site "?"]
[Date "1982.??.??"]
[Round "?"]
[White "Kulbacki, James"]
[Black "Hahn, David"]
[Result "0-1"]
[WhiteElo "1905"]
[BlackElo "2115"]
[PlyCount "42"]
[EventDate "1982.??.??"]

1. b4 e5 2. Bb2 Bxb4 3. f4 Nf6 4. fxe5 Ng4 5. c4 Ne3 6. Qb3 Qh4+ 7. g3 Qe4 8.
Nf3 Nc2+ 9. Kd1 Nxa1 10. Bxa1 Nc6 11. a3 Ba5 12. Nc3 Bxc3 13. Bxc3 O-O 14. Bg2
d6 15. Nh4 Nd4 16. Qb2 Qxe2+ 17. Kc1 Qxc4 18. exd6 Ne2+ 19. Kd1 Nxc3+ 20. dxc3
Bg4+ 21. Kc1 cxd6 0-1

[Event "East Lansing (MI Op/7)"]
[Site "?"]
[Date "1982.??.??"]
[Round "?"]
[White "Kulbacki, James"]
[Black "Geno, R.."]
[Result "1/2-1/2"]
[WhiteElo "1905"]
[BlackElo "1820"]
[PlyCount "100"]
[EventDate "1982.??.??"]

1. b4 e5 2. Bb2 d6 3. c4 Nd7 4. e3 Ngf6 5. Nf3 Be7 6. Nc3 O-O 7. Be2 Re8 8. O-O
b6 9. d4 exd4 10. Nxd4 Bb7 11. Bf3 Bxf3 12. Qxf3 Ne5 13. Qe2 d5 14. cxd5 Nxd5
15. b5 Nxc3 16. Bxc3 Bf6 17. Rfd1 Qc8 18. Rac1 c5 19. bxc6 Nxc6 20. Qb5 Nxd4
21. Bxd4 Qe6 22. Rc6 Qe7 23. Bxf6 gxf6 24. Qf5 Rad8 25. Rdc1 Rd6 26. Rc7 Qe6
27. Qxe6 Rdxe6 28. Rxa7 R8e7 29. Rcc7 Rxc7 30. Rxc7 Rd6 31. g3 Rd2 32. Ra7 Rd1+
33. Kg2 Ra1 34. a4 b5 35. a5 b4 36. Rb7 Rxa5 37. Rxb4 Kg7 38. Rg4+ Kh6 39. h4
f5 40. Rg5 f6 41. Rg8 Ra4 42. Kf3 Kh5 43. Rd8 Kg6 44. Rd4 Ra5 45. g4 fxg4+ 46.
Rxg4+ Kf7 47. Rd4 Kg6 48. Kg4 h5+ 49. Kf3 Ra3 50. Rd8 Rb3 1/2-1/2

[Event "East Lansing (MI Op/6)"]
[Site "?"]
[Date "1982.??.??"]
[Round "?"]
[White "Koster, Ed"]
[Black "Pray, Don"]
[Result "1/2-1/2"]
[WhiteElo "2010"]
[BlackElo "2070"]
[PlyCount "80"]
[EventDate "1982.??.??"]

1. e4 e6 2. d4 d5 3. Nc3 Bb4 4. e5 c5 5. a3 Ba5 6. b4 cxd4 7. Nb5 Bc7 8. f4 Ne7
9. Nf3 Bd7 10. Nbxd4 Nbc6 11. Bd3 a6 12. Be3 Bb6 13. Qe2 Nxd4 14. Nxd4 g6 15.
O-O Rc8 16. Qf2 h5 17. a4 Kf8 18. Nxe6+ Bxe6 19. Bxb6 Qd7 20. Bc5 Kg7 21. Qh4
Nf5 22. Qf6+ Kg8 23. c3 Qd8 24. Qxd8+ Rxd8 25. Rfd1 Rc8 26. Rac1 Kg7 27. a5 Rc6
28. Bc2 Rhc8 29. Bb3 Rxc5 30. bxc5 Rxc5 31. Ra1 Kf8 32. Rd3 Ke7 33. Kf2 Rb5 34.
Ra3 Kf8 35. g3 Ne7 36. Rd2 Nc6 37. Rda2 Nxa5 38. Rxa5 Rxb3 39. Rc5 Ke7 40. Kg2
Kd7 1/2-1/2

[Event "East Lansing (MI Op/1)"]
[Site "?"]
[Date "1982.??.??"]
[Round "?"]
[White "Koster, Ed"]
[Black "McFay, D.."]
[Result "1-0"]
[WhiteElo "2010"]
[BlackElo "1625"]
[PlyCount "53"]
[EventDate "1982.??.??"]

1. e4 Nf6 2. e5 Nd5 3. d4 d6 4. Nf3 Bg4 5. Be2 dxe5 6. Nxe5 Bxe2 7. Qxe2 e6 8.
Qb5+ Nd7 9. Qxb7 Nxe5 10. dxe5 Be7 11. Qc6+ Kf8 12. O-O Nb4 13. Qe4 Qd5 14.
Qxd5 exd5 15. Na3 Rd8 16. Bf4 g5 17. Bg3 Bc5 18. Rfd1 c6 19. c3 Na6 20. Nc2 h5
21. h4 gxh4 22. Bxh4 Re8 23. Bf6 Rh6 24. Nd4 Nb8 25. Re1 Be7 26. Bxe7+ Kxe7 27.
Nf5+ 1-0